Readers, rebels, visionaries : (Record no. 1308961)

MARC details
000 -LEADER
fixed length control field 00699nam a22002057a 4500
005 - DATE AND TIME OF LATEST TRANSACTION
control field 20250603152612.0
008 - FIXED-LENGTH DATA ELEMENTS--GENERAL INFORMATION
fixed length control field 250414b |||||||| |||| 00| 0 eng d
020 ## - INTERNATIONAL STANDARD BOOK NUMBER
International Standard Book Number 9789356877894
040 ## - CATALOGING SOURCE
Transcribing agency SDCL
041 ## - LANGUAGE CODE
Source of code eng
Language code of text/sound track or separate title eng
084 ## - COLON CLASSIFICATION NUMBER
Classification number V2y7N07 R4
100 ## - MAIN ENTRY--PERSONAL NAME
Personal name Anand, Neeru Nangia
245 ## - TITLE STATEMENT
Title Readers, rebels, visionaries :
Remainder of title The literary sphere of Bhagat Singh and Sukhdev
260 ## - PUBLICATION, DISTRIBUTION, ETC.
Place of publication, distribution, etc. Delhi :
Name of publisher, distributor, etc. Primus Books,
Date of publication, distribution, etc. 2024.
300 ## - PHYSICAL DESCRIPTION
Extent 338p.
650 ## - SUBJECT ADDED ENTRY--TOPICAL TERM
Topical term or geographic name entry element Fiction -- History and criticism -- 19th century -- 20th century
650 ## - SUBJECT ADDED ENTRY--TOPICAL TERM
Topical term or geographic name entry element India -- History -- British occupation
650 ## - SUBJECT ADDED ENTRY--TOPICAL TERM
Topical term or geographic name entry element Revolutionaries -- Books and reading -- India
942 ## - ADDED ENTRY ELEMENTS (KOHA)
Source of classification or shelving scheme Colon Classification (CC)
Koha item type Textual
100 ## - MAIN ENTRY--PERSONAL NAME
-- 752259
650 ## - SUBJECT ADDED ENTRY--TOPICAL TERM
-- 811615
650 ## - SUBJECT ADDED ENTRY--TOPICAL TERM
-- 652172
650 ## - SUBJECT ADDED ENTRY--TOPICAL TERM
-- 811616
999 ## -
-- 1308961
-- 1308961
Holdings
Withdrawn status Lost status Source of classification or shelving scheme Damaged status Not for loan Home library Current library Date acquired Source of acquisition Inventory number Total checkouts Full call number Barcode Date last seen Price effective from Koha item type
    Colon Classification (CC)     South Campus Library South Campus Library 2025-04-14 Classic Book Service 171, 11/12/2024, INR 1395.00   V2y7N07 R4 SC1690735 2025-04-14 2025-04-14 Textual
Copyright @ Delhi University Library System